Statistics for Irish Rugby Squad 2018

Click here to take the quiz!

General Stats

  • This quiz has been taken 19 times
  • The average score is 17 of 30

Answer Stats

PositionAppsPointsAnswer% Correct
Scrum-Half516Conor Murray
94%
Centre25Garry Ringrose
94%
Fly-Half544Johnny Sexton
94%
Hooker55Rory Best
94%
Prop40Tadhg Furlong
89%
Centre510Bundee Aki
83%
Lock40James Ryan
78%
Prop40Andrew Porter
72%
Prop55Cian Healy
72%
Winger535Jacob Stockdale
72%
Prop20John Ryan
72%
Winger55Keith Earls
72%
Back Row50Peter O'Mahony
72%
Centre210Robbie Henshaw
67%
Back Row55C.J Stander
61%
Lock40Iain Henderson
61%
Back Row10Josh van der Flier
61%
Full-Back40Rob Kearney
61%
Lock50Devin Toner
56%
Fly-Half410Joey Carbery
50%
Full-Back30Jordan Larmour
44%
Back Row20Jack Conan
39%
Prop50Jack McGrath
39%
Hooker55Seán Conan
39%
Back Row20Jordi Murphy
33%
Centre10Chris Farrell
22%
Back Row55Dan Leavy
22%
Scrum-Half30Kieran Marmion
11%
Winger20Fergus McFadden
0%
Lock20Quinn Roux
0%

Score Distribution

Percentile by Number Answered

Percent of People with Each Score

Your Score History

You have not taken this quiz